Catálogo

Vista normal Vista MARC

Entrada Personal Name

Número de registros utilizados en: 1

001 - CONTROL NUMBER

  • control field: 10958

003 - CONTROL NUMBER IDENTIFIER

  • control field: DLC

005 - DATE AND TIME OF LATEST TRANSACTION

  • control field: 20201118091907.0

008 - FIXED-LENGTH DATA ELEMENTS

  • fixed length control field: 900504n| azannaabn |b aaa

010 ## - LIBRARY OF CONGRESS CONTROL NUMBER

  • LC control number: n 90640849

035 ## - SYSTEM CONTROL NUMBER

  • System control number: (OCoLC)oca02742891

040 ## - CATALOGING SOURCE

  • Original cataloging agency: DLC
  • Language of cataloging: spa
  • Description conventions: rda
  • Transcribing agency: Mx-PuUPA
  • Modifying agency: DLC
  • Modifying agency: OCoLC
  • Modifying agency: UPB
  • Modifying agency: OCoLC
  • Modifying agency: IlMpPL
  • Modifying agency: UPB
  • Modifying agency: DLC
  • Modifying agency: Mx-PuUPA

046 ## - SPECIAL CODED DATES

  • Birth date: 19601110
  • Source of date scheme: edtf

053 #0 - LC CLASSIFICATION NUMBER

  • Classification number element--single number or beginning number of span: PR6057.A319

100 1# - HEADING--PERSONAL NAME

  • Personal name: Gaiman, Neil,
  • Dates associated with a name: 1960-

370 ## - ASSOCIATED PLACE

  • Place of birth: Portchester (Inglaterra)
  • Place of residence/headquarters: Menomonie (Wis.)
  • Place of residence/headquarters: Cambridge (Mass.)
  • Source of term: naf

372 ## - FIELD OF ACTIVITY

  • Field of activity: Novela
  • Field of activity: Novela fantástica
  • Field of activity: Cuentos de terror
  • Field of activity: Novelas gráficas
  • Field of activity: Imagen en movimiento
  • Source of term: lcsh

374 ## - OCCUPATION

  • Occupation: Autor
  • Source of term: lcsh

375 ## - GENDER

  • Gender: hombre

377 ## - ASSOCIATED LANGUAGE

  • Language code: eng

378 ## - FULLER FORM OF PERSONAL NAME

  • Fuller form of personal name: Neil Richard

400 1# - SEE FROM TRACING--PERSONAL NAME

  • Personal name: גאימן, נייל. מקיאן, דייב
  • Dates associated with a name: 1960-

400 1# - SEE FROM TRACING--PERSONAL NAME

  • Personal name: גיימן, ניל
  • Dates associated with a name: 1960-

670 ## - SOURCE DATA FOUND

  • Source citation: His Good omens, 1990:
  • Information found: CIP t.p. (Neil Gaiman)

670 ## - SOURCE DATA FOUND

  • Source citation: His Stardust, 2001:
  • Information found: CIP t.p. (Neil Gaiman) data sheet (b. Nov. 10, 1960) jkt. (b. in England; makes his home in America)

670 ## - SOURCE DATA FOUND

  • Source citation: Mouse circus, via WWW, Jan. 3, 2014
  • Information found: (Neil Gaiman was born in Hampshire, UK, and now lives in the United States near Minneapolis; began his writing career as a journalist; is credited with being one of the creators of modern comics; writes for readers of all ages, producing fiction, science fiction/fantasy, horror, short stories, graphic novels, and screenplays)

670 ## - SOURCE DATA FOUND

  • Source citation: Wikipedia, Jan. 3, 2014
  • Information found: (Neil Gaiman, born Neil Richard Gaiman on 10 Nov. 1960 in Portchester, Hampshire, England; an English author of short fiction, novels, comic books, graphic novels, audio theatre and films; lives near Menomonie, Wisconsin, and in Cambridge, Massachusetts)

670 ## - SOURCE DATA FOUND

  • Source citation: Biblioteca del congreso (Estados Unidos), 11 septiembre 2020:
  • Information found: Catálogo electrónico
  • Uniform Resource Identifier: https://bit.ly/3k9owfs